[Event "HZ Open"]
[Site "Vlissingen NED"]
[Date "2006.08.09"]
[Round "6"]
[White "Klenburg,M"]
[Black "Navarrete Delgado,S"]
[Result "1-0"]
[WhiteElo "2403"]
[BlackElo "2210"]
[EventDate "2006.08.05"]

1. g3 c5 2. Bg2 Nc6 3. e4 g6 4. d3 Bg7 5. f4 d6 6. Nf3 Nf6 7. O-O O-O 8.
Nc3 Rb8 9. h3 b5 10. g4 b4 11. Ne2 Nd4 12. Nexd4 cxd4 13. a3 a5 14. axb4
axb4 15. b3 Qb6 16. Qe1 Qc5 17. Qf2 Bb7 18. g5 Nd7 19. Bb2 e5 20. f5 gxf5
21. exf5 f6 22. Bc1 Rfc8 23. Ne1 Ra8 24. Bxb7 Rxa1 25. Bxc8 Qxc8 26. Bd2
Qc5 27. Qf3 d5 28. Kh1 Qc6 29. Rg1 Qd6 30. Qh5 Qe7 31. g6 h6 32. Bxh6 e4
33. Bf4 exd3 34. Qh7+ Kf8 35. Bh6 Qe4+ 36. Ng2 Rxg1+ 37. Kxg1 Ke7 38. Qxg7+
Kd6 39. cxd3 Qxf5 40. Bf4+ Kc6 41. Qf7 1-0

[Event "HZ Open"]
[Site "Vlissingen NED"]
[Date "2006.08.09"]
[Round "6"]
[White "Schuurman,P"]
[Black "Delemarre,J"]
[Result "1/2-1/2"]
[WhiteElo "2219"]
[BlackElo "2471"]
[EventDate "2006.08.05"]

1. d4 Nf6 2. c4 g6 3. Nc3 d5 4. Bg5 Bg7 5. Bxf6 Bxf6 6. cxd5 c6 7. e4 cxd5
8. Nxd5 Bg7 9. Bb5+ Nc6 10. Ne2 O-O 11. O-O Rb8 12. a3 e6 13. Bxc6 bxc6 14.
Nb4 Qb6 15. Rc1 Bb7 16. Qc2 Rfc8 17. Qc5 Bf8 18. Qxb6 axb6 19. Na2 c5 20.
Nac3 cxd4 21. Nxd4 Rc4 22. Rcd1 Bxa3 23. bxa3 Rxc3 24. f3 Ba6 25. Rf2 e5
26. Nc2 Bc4 27. Nb4 Rxa3 28. Rb2 b5 29. Rd7 Rba8 30. Rb7 h5 31. h4 R3a7 32.
Rxa7 Rxa7 33. Nc6 Ra1+ 34. Kf2 f6 35. Ne7+ Kf7 36. Nd5 Bxd5 37. exd5 Ra5
38. Rc2 Ra7 39. Ke3 Ke7 40. Rc6 Ra3+ 41. Kf2 Ra2+ 42. Kg3 Rd2 43. Re6+ Kf7
44. Rd6 f5 45. Rd7+ Ke8 46. Rd6 f4+ 47. Kh2 Kf7 48. Rd7+ Kf6 49. Rd6+ Kf7
50. Rd7+ Kf8 51. Rd6 b4 52. Rb6 Rb2 53. Rxg6 b3 54. Rb6 Rb1 55. g3 Rb2+ 56.
Kh3 fxg3 57. Kxg3 Rb1 58. d6 Kf7 59. d7 Ke7 60. Rb7 Kd8 1/2-1/2

[Event "HZ Open"]
[Site "Vlissingen NED"]
[Date "2006.08.09"]
[Round "6"]
[White "Vedder,R"]
[Black "Spoelman,W"]
[Result "1/2-1/2"]
[WhiteElo "2229"]
[BlackElo "2461"]
[EventDate "2006.08.05"]

1. e4 c5 2. Nf3 d6 3. Bb5+ Nd7 4. d4 Ngf6 5. Nc3 a6 6. Bxd7+ Nxd7 7. Bg5 h6
8. Be3 e6 9. Qd2 Be7 10. O-O-O cxd4 11. Bxd4 O-O 12. h4 b5 13. Rh3 e5 14.
Be3 Nf6 15. Bxh6 Bxh3 16. gxh3 Nh5 17. Rg1 Bxh4 18. Rg4 Bf6 19. Nd5 Re8 20.
Bxg7 Nxg7 21. Qh6 Re6 22. Nh4 Bg5+ 23. Qxg5 Qxg5+ 24. Rxg5 Ra7 25. Nf5 f6
26. Rg3 Kh7 27. Rc3 Kg6 28. Rg3+ Kh7 1/2-1/2

[Event "HZ Open"]
[Site "Vlissingen NED"]
[Date "2006.08.09"]
[Round "6"]
[White "In't Veld,D"]
[Black "Pedersen,Stef"]
[Result "0-1"]
[WhiteElo "2176"]
[BlackElo "2436"]
[EventDate "2006.08.05"]

1. e4 c5 2. Nf3 d6 3. d4 cxd4 4. Nxd4 Nf6 5. Nc3 Nc6 6. g3 Bg4 7. f3 Bd7 8.
g4 e5 9. Nb3 Be6 10. Nd5 Be7 11. Be3 Bxd5 12. exd5 Nb4 13. c4 Nd7 14. Qd2
Bh4+ 15. Kd1 Na6 16. Bd3 h6 17. Na5 Ndc5 18. b4 Nxd3 19. Qxd3 Nxb4 20. Qa3
b6 21. Qxb4 bxa5 22. Qb5+ Kf8 23. Rb1 Kg8 24. Ke2 Kh7 25. Qa6 e4 26. f4 Qd7
27. h3 Qa4 28. Rb2 Bf6 29. Qb5 Qa3 30. Rd2 Rhb8 31. Qd7 Bc3 32. Rhd1 Bxd2
33. Rxd2 Rb2 34. Qf5+ Kg8 35. Qxe4 Rxd2+ 36. Bxd2 Qxh3 37. c5 Qxg4+ 38. Kd3
dxc5 39. d6 Rd8 0-1

[Event "HZ Open"]
[Site "Vlissingen NED"]
[Date "2006.08.09"]
[Round "6"]
[White "Roeder,M"]
[Black "Van Hecke,E"]
[Result "1-0"]
[WhiteElo "2423"]
[BlackElo "2156"]
[EventDate "2006.08.05"]

1. Nf3 Nf6 2. c4 g6 3. Nc3 d5 4. cxd5 Nxd5 5. Qa4+ Bd7 6. Qb3 Nb6 7. d4 Be6
8. Qc2 Nc6 9. e4 Nb4 10. Qd1 Bg4 11. a3 Nc6 12. d5 Bxf3 13. gxf3 Nb8 14.
Qd4 f6 15. Be3 Bg7 16. Bh3 O-O 17. Be6+ Kh8 18. h4 f5 19. e5 f4 20. Bxf4
Nc6 21. Qe4 Rxf4 22. Qxf4 Nxe5 23. Qe4 Qf8 24. Ke2 Nbc4 25. h5 g5 26. h6
Bf6 27. f4 Nd6 28. fxe5 Nxe4 29. Nxe4 Qe8 30. exf6 exf6 31. Ke3 Qe7 32. f4
c6 33. f5 cxd5 34. Nf2 Qc5+ 35. Kf3 Qc4 36. Rad1 Qf4+ 37. Kg2 d4 38. Rd3
Rd8 39. Re1 Qc7 40. Re4 Qc6 41. Kg3 Qc2 42. Rexd4 1-0

[Event "HZ Open"]
[Site "Vlissingen NED"]
[Date "2006.08.09"]
[Round "6"]
[White "Sijpkens,M"]
[Black "Kohlweyer,B"]
[Result "0-1"]
[WhiteElo "2198"]
[BlackElo "2419"]
[EventDate "2006.08.05"]

1. e4 c5 2. Nf3 d6 3. d4 cxd4 4. Nxd4 Nf6 5. Nc3 a6 6. Bg5 e6 7. f4 Qc7 8.
Qf3 b5 9. Bd3 b4 10. Nce2 Nbd7 11. O-O Bb7 12. a3 d5 13. e5 Ne4 14. Bxe4
dxe4 15. Qb3 Bd5 16. Qe3 bxa3 17. b3 Bc5 18. c4 Bb7 19. Kh1 Qb6 20. Rfd1 f6
21. exf6 gxf6 22. Bh4 O-O-O 23. Qh3 Rhe8 24. f5 exf5 25. Qxf5 Kb8 26. Bg3+
Ka8 27. b4 Bxb4 28. Rdb1 e3 29. Rxa3 Be4 30. Qb5 Qxb5 31. Nxb5 Bxb1 32.
Rxa6+ Kb7 33. Ra7+ Kb6 34. Bc7+ Kc5 35. Bxd8 Rxd8 36. Rc7+ Kb6 37. Ned4 Ne5
38. Rxh7 Bxh7 0-1

[Event "HZ Open"]
[Site "Vlissingen NED"]
[Date "2006.08.09"]
[Round "6"]
[White "Hekhuis,J"]
[Black "Leenhouts,K"]
[Result "0-1"]
[WhiteElo "2138"]
[BlackElo "2395"]
[EventDate "2006.08.05"]

1. Nf3 Nf6 2. c4 g6 3. g3 Bg7 4. Bg2 O-O 5. O-O d6 6. d4 Nbd7 7. Nc3 c6 8.
e4 e5 9. d5 cxd5 10. cxd5 Nc5 11. Ne1 b5 12. b4 Na4 13. Nxa4 bxa4 14. Qxa4
Bd7 15. Qb3 a5 16. a4 axb4 17. Qxb4 Qc7 18. a5 Rfb8 19. Qa3 Bb5 20. Nd3 Bc4
21. Be3 Rb3 22. Qc1 Qc8 23. Qc2 Rxd3 24. Rfc1 Ba6 25. Bf1 Qxc2 26. Rxc2 Rb3
27. Bxa6 Rxa6 28. Rc8+ Bf8 29. Bh6 Nd7 30. Rac1 f5 31. R1c7 Rb8 32. Rxb8
Nxb8 33. Bxf8 Kxf8 34. Rc8+ Ke7 35. Rxb8 Rxa5 36. Rb7+ Kf6 37. Rb6 fxe4 38.
Rxd6+ Kg5 39. h3 Kf5 40. Rd8 e3 41. fxe3 Ke4 42. d6 Rd5 43. d7 Rd2 44. Kf1
Kxe3 45. Re8 Rxd7 46. Rxe5+ Kf3 47. Kg1 Rd1+ 48. Kh2 Rd2+ 49. Kh1 Kxg3 50.
Re3+ Kf4 51. Re7 h6 52. Kg1 Kf3 53. Re6 Rg2+ 54. Kh1 Rg5 55. h4 Rg4 56.
Rf6+ Kg3 57. h5 g5 58. Ra6 Rb4 59. Ra3+ Kh4 60. Ra6 Kxh5 61. Kg2 Rb2+ 62.
Kg3 Rb3+ 63. Kg2 g4 64. Kh2 Kg5 65. Ra8 h5 66. Ra5+ Kh4 67. Ra2 Rf3 68. Kg2
Rf5 69. Ra8 Rb5 70. Ra2 Kg5 71. Rc2 h4 72. Kh2 h3 73. Kg3 Rb3+ 74. Kh2 Kh4
75. Rc4 Rb2+ 76. Kg1 Rg2+ 77. Kh1 Rf2 78. Kg1 Rf8 79. Kh2 Kg5 80. Rc5+ Rf5
81. Rc8 Rf2+ 82. Kg1 Ra2 83. Rc5+ Kh4 84. Rc4 Ra6 85. Kh2 Rf6 86. Ra4 Rf5
87. Rb4 Kg5 88. Kg3 Rf3+ 89. Kh2 Rf2+ 90. Kg1 g3 91. Rb5+ Rf5 92. Rb3 h2+
0-1

[Event "HZ Open"]
[Site "Vlissingen NED"]
[Date "2006.08.09"]
[Round "6"]
[White "Karasik,E"]
[Black "Wolferink,F"]
[Result "1/2-1/2"]
[WhiteElo "2289"]
[BlackElo "2141"]
[EventDate "2006.08.05"]

1. d4 g6 2. e4 Bg7 3. Nc3 c6 4. f4 Qb6 5. Nf3 d5 6. e5 Bg4 7. Be2 f6 8. Na4
Qd8 9. h3 Bxf3 10. Bxf3 fxe5 11. fxe5 Nd7 12. O-O e6 13. Be3 Nh6 14. Qd2
Nf7 15. Bg4 Qe7 16. Rxf7 Qxf7 17. Rf1 Qg8 18. Bg5 h6 19. Bh4 Bf8 20. c4
1/2-1/2

[Event "HZ Open"]
[Site "Vlissingen NED"]
[Date "2006.08.09"]
[Round "6"]
[White "Van Leent,D"]
[Black "Rosmuller,A"]
[Result "1/2-1/2"]
[WhiteElo "2262"]
[BlackElo "2122"]
[EventDate "2006.08.05"]

1. c4 Nf6 2. g3 c6 3. Bg2 d5 4. Nf3 Bg4 5. O-O e6 6. Qc2 Nbd7 7. d4 Bf5 8.
Qb3 Qb6 9. c5 Qxb3 10. axb3 Bxb1 11. Rxb1 Ne4 12. Bf4 Be7 13. Rfd1 1/2-1/2

[Event "HZ Open"]
[Site "Vlissingen NED"]
[Date "2006.08.09"]
[Round "6"]
[White "Garbisu de Goni,U"]
[Black "Slings,S"]
[Result "1-0"]
[WhiteElo "2444"]
[BlackElo "2090"]
[EventDate "2006.08.05"]

1. e4 c5 2. Nf3 e6 3. d4 cxd4 4. Nxd4 a6 5. Nc3 b5 6. Bd3 Qb6 7. Nb3 Bb7 8.
O-O Qc7 9. f4 d6 10. a3 Nd7 11. Kh1 Ngf6 12. Qe1 Be7 13. Nd4 O-O 14. b4
Rfe8 15. Bb2 Bf8 16. Qg3 Kh8 17. Nf3 e5 18. Ng5 Kg8 19. fxe5 dxe5 20. Rae1
h6 21. Nf3 Bd6 22. Nh4 Kh8 23. Nf5 Bf8 24. Nd5 Nxd5 25. exd5 Bxd5 26. Ne3
Be6 27. Ng4 f6 28. Re3 Bc4 29. Rd1 Bxd3 30. Rexd3 Nb6 31. Ne3 Rad8 32. Qg6
Nc4 33. Nd5 Qc6 34. Bc1 Rxd5 35. Rxd5 e4 36. Rd8 Rxd8 37. Rxd8 Kg8 38. Bxh6
Qc7 39. Qe8 Qf7 40. Bf4 Qxe8 41. Rxe8 f5 42. c3 Kf7 43. Ra8 g5 44. Bxg5 Bg7
45. Rxa6 Bxc3 46. Kg1 Be5 47. g3 Nb6 48. Ra5 Nc4 49. Rxb5 Bd4+ 50. Kf1 Nxa3
51. Rxf5+ Kg6 52. Rd5 Nc2 53. Bf4 Be3 54. Rd6+ 1-0

[Event "HZ Open"]
[Site "Vlissingen NED"]
[Date "2006.08.09"]
[Round "6"]
[White "Afek,Y"]
[Black "Meulblok,W"]
[Result "1-0"]
[WhiteElo "2316"]
[BlackElo "2081"]
[EventDate "2006.08.05"]

1. e4 c5 2. Nf3 e6 3. c3 Nf6 4. e5 Nd5 5. d4 cxd4 6. cxd4 b6 7. Nc3 Bb7 8.
Bd3 Be7 9. O-O f5 10. exf6 Nxf6 11. Bg5 O-O 12. Qe2 Nc6 13. a3 Nd5 14. Qe4
g6 15. Bh6 Nxc3 16. bxc3 Rf7 17. Qg4 Bf8 18. Bg5 Be7 19. h4 Qc7 20. Bd2 Bf6
21. Bf4 Qd8 22. h5 Ne7 23. Ne5 Rg7 24. h6 Bxe5 25. hxg7 Bxg7 26. Be5 Bxe5
27. dxe5 Qc7 28. Be4 Nd5 29. Bxd5 Bxd5 30. Qg3 Rf8 31. Rad1 Rf5 32. Rfe1
Qc5 33. a4 Kg7 34. Rd4 Bc6 35. Re3 Qa3 36. Rf4 Rh5 37. Re1 Qc5 38. Qe3 Qe7
39. f3 Qg5 40. Kf2 Rh4 1-0

[Event "HZ Open"]
[Site "Vlissingen NED"]
[Date "2006.08.09"]
[Round "6"]
[White "Lacrosse,M"]
[Black "Van Rij,G"]
[Result "1-0"]
[WhiteElo "2225"]
[BlackElo "2079"]
[EventDate "2006.08.05"]

1. d4 f5 2. g3 Nf6 3. Bg2 g6 4. Nf3 Bg7 5. c4 d6 6. Nc3 O-O 7. O-O Qe8 8.
d5 a5 9. Rb1 Na6 10. a3 Bd7 11. b4 axb4 12. axb4 c6 13. dxc6 Bxc6 14. c5
Rd8 15. Qb3+ Kh8 16. Rd1 Ne4 17. Bb2 Nc7 18. Nxe4 Bxe4 19. Bxg7+ Kxg7 20.
cxd6 Bxb1 21. dxc7 Rxd1+ 22. Qxd1 Be4 23. Ng5 Qc8 24. Qd4+ Kh6 25. Qe3 Kg7
26. Bh3 Bd5 27. Qxe7+ Bf7 28. e4 Kg8 29. exf5 gxf5 30. Bg2 h6 31. Nxf7 Rxf7
32. Bd5 1-0

[Event "HZ Open"]
[Site "Vlissingen NED"]
[Date "2006.08.09"]
[Round "6"]
[White "Floor,D"]
[Black "Lukas,M"]
[Result "1/2-1/2"]
[WhiteElo "2219"]
[BlackElo "2069"]
[EventDate "2006.08.05"]

1. d4 Nf6 2. c4 e5 3. dxe5 Ng4 4. Nf3 Nc6 5. Nc3 Ngxe5 6. Nxe5 Nxe5 7. e4
Bc5 8. Be2 d6 9. a3 a5 10. Rb1 O-O 11. b4 Ba7 12. Nb5 Bb6 13. c5 dxc5 14.
Qxd8 Rxd8 15. bxc5 Bxc5 16. Nxc7 Ra7 17. O-O b6 18. Nb5 Rad7 19. Bf4 f6 20.
Bxe5 fxe5 21. Bc4+ Kh8 22. Bd5 Ba6 23. g3 Bxb5 24. Rxb5 Rc7 25. Rb2 Bd4 26.
Rd2 Rc3 27. a4 Rdc8 28. Be6 R8c6 29. Bd7 Rc7 30. Bb5 Rc2 31. Rfd1 Rc1 32.
Rxc1 Rxc1+ 33. Kg2 Rb1 34. Rc2 Bc5 35. f4 Re1 36. Bc6 Bd4 37. Bd5 g6 38.
Rc8+ Kg7 39. Rc7+ Kh8 40. Rc8+ Kg7 41. Rc7+ Kh8 42. Re7 Re2+ 43. Kf3 Rxh2
44. fxe5 Rf2+ 45. Kg4 Rf8 46. e6 h5+ 47. Kh3 Bc5 48. Rc7 Re8 49. g4 hxg4+
50. Kxg4 Re7 51. Rc8+ Kg7 52. Kf4 Bd6+ 53. e5 Bc5 54. Ke4 Kh6 55. Bc4 Kg7
56. Kd5 Ra7 57. Bd3 Re7 58. Rd8 Kh7 59. Bb5 Kg7 60. Be8 g5 61. Bf7 Kh6 62.
Ke4 Rc7 63. Kf5 Be7 64. Rh8+ Kg7 65. Ra8 Kh6 66. Ke4 Rc1 67. Re8 Rc7 68.
Rh8+ Kg7 69. Rg8+ Kh6 70. Rh8+ 1/2-1/2

[Event "HZ Open"]
[Site "Vlissingen NED"]
[Date "2006.08.09"]
[Round "6"]
[White "Tiggelman,R"]
[Black "Arp,F"]
[Result "1/2-1/2"]
[WhiteElo "2211"]
[BlackElo "2054"]
[EventDate "2006.08.05"]

1. d4 Nf6 2. Nf3 g6 3. c4 Bg7 4. Nc3 O-O 5. e4 d6 6. Be2 e5 7. d5 Nbd7 8.
Bg5 h6 9. Bh4 a5 10. O-O Nc5 11. Nd2 g5 12. Bg3 Nh7 13. f3 f5 14. exf5 Bxf5
15. Nde4 Nxe4 16. fxe4 Bd7 17. Qd2 Qe7 18. Rxf8+ Nxf8 19. Bf2 b6 20. Be3
Ng6 21. g3 Rf8 22. Rf1 Rxf1+ 23. Kxf1 Qf6+ 24. Ke1 Bh3 25. a3 Bg2 26. b4
axb4 27. axb4 Nf4 28. Bg4 Bh3 29. Bxh3 Nxh3 30. Qg2 g4 31. Qf1 Qg6 32. Qf5
Qxf5 33. exf5 Bf6 34. Nb5 Bd8 35. Bxh6 Kf7 36. Be3 Kf6 37. Ke2 Kxf5 38.
Bxb6 cxb6 39. Nxd6+ Kf6 40. c5 bxc5 41. bxc5 Ng5 42. c6 Nf3 43. h4 Nd4+ 44.
Kd3 Ke7 45. Ne4 Nf5 46. h5 Bc7 47. Kc2 Ne3+ 48. Kd3 Nxd5 49. h6 Nf6 50. Ng5
e4+ 51. Nxe4 Nxe4 52. Kxe4 Kf7 53. Kf5 Bxg3 54. Kxg4 Bc7 1/2-1/2

[Event "HZ Open"]
[Site "Vlissingen NED"]
[Date "2006.08.09"]
[Round "6"]
[White "Van Dort,L"]
[Black "Ouwendijk,V"]
[Result "1/2-1/2"]
[WhiteElo "2101"]
[BlackElo "2210"]
[EventDate "2006.08.05"]

1. d4 Nf6 2. Nf3 g6 3. g3 Bg7 4. Bg2 O-O 5. O-O d5 6. c4 c6 7. cxd5 cxd5 8.
Ne5 Be6 9. Qb3 Qb6 10. Be3 Nc6 11. Nxc6 bxc6 12. Nc3 Qxb3 13. axb3 Rfb8 14.
Ra3 Bf5 15. Bf4 Rb7 16. Rc1 e6 17. h3 h5 18. e3 Bf8 19. Ra6 Rxb3 20. Na4
Bd3 21. Raxc6 Bb5 22. Nc5 Rxb2 23. Rc7 Bc4 24. Rxc4 Ne8 25. Ra4 Nxc7 26.
Bxc7 Rc2 27. Ra5 Rc8 28. Rxa7 Bxc5 29. dxc5 Rxc5 30. Be5 Rc1+ 31. Bf1 Rf8
32. Ra1 Rxa1 33. Bxa1 1/2-1/2

[Event "HZ Open"]
[Site "Vlissingen NED"]
[Date "2006.08.09"]
[Round "6"]
[White "Severijnen,A"]
[Black "Mindeguia Guruceaga,J"]
[Result "1/2-1/2"]
[WhiteElo "2100"]
[BlackElo "2199"]
[EventDate "2006.08.05"]

1. e4 c5 2. Nf3 Nf6 3. e5 Nd5 4. Nc3 e6 5. Nxd5 exd5 6. d4 Nc6 7. dxc5 Bxc5
8. Qxd5 d6 9. exd6 Qb6 10. Qe4+ Be6 11. Qh4 Bxd6 12. Bd3 Nb4 13. O-O Nxd3
14. cxd3 O-O 15. Nd4 Rfe8 16. Nxe6 Rxe6 17. b3 Bc5 18. Bb2 Rd8 19. Rac1 Be7
20. Qc4 h6 21. d4 Rc6 22. Qd3 Rcd6 23. Rfd1 Bf6 24. Rc4 Rd5 25. Qe4 Qd6 26.
g3 g6 27. Kg2 h5 28. Rd3 Kg7 29. h4 1/2-1/2

[Event "HZ Open"]
[Site "Vlissingen NED"]
[Date "2006.08.09"]
[Round "6"]
[White "Oosterom,E"]
[Black "Westerweele,H"]
[Result "1/2-1/2"]
[WhiteElo "2194"]
[BlackElo "2035"]
[EventDate "2006.08.05"]

1. d4 Nf6 2. c4 c5 3. d5 e6 4. Nc3 exd5 5. cxd5 d6 6. g3 g6 7. Bg2 Bg7 8.
Nf3 O-O 9. O-O a6 10. a4 Nbd7 11. Bf4 Qc7 12. Qd2 Rb8 13. Rfc1 Re8 14. Bh6
b5 15. Bxg7 Kxg7 16. axb5 axb5 17. b4 Ne5 18. Nxe5 Rxe5 19. Qb2 Kg8 20.
bxc5 b4 21. cxd6 bxc3 22. dxc7 Rxb2 23. Rxc3 Kg7 24. e4 Rxe4 25. Bxe4 Nxe4
26. Re3 Nxf2 27. Re8 Nh3+ 28. Kf1 Bd7 29. c8=Q Bxc8 30. Rxc8 Rd2 31. Rd8
Ng5 32. d6 Nf3 33. Ra3 Ne5 34. Rc3 Kf6 35. Ke1 Rd5 36. Ke2 Ke6 37. h3 h5
38. Ke3 Nd7 39. Rc6 Re5+ 40. Kf2 Rf5+ 41. Kg2 Rd5 42. Re8+ Kf6 43. Re2 Ne5
44. Ra6 Ke6 45. Rc2 Kd7 46. Rc7+ Ke6 47. d7+ Ke7 48. d8=Q+ Kxd8 49. Rb7 Nd7
50. Ra2 Ke7 51. Kf3 Kf6 52. Ke4 Rd1 53. Ke3 Rd6 54. h4 Ke6 55. Rd2 Rxd2 56.
Kxd2 Nf6 57. Ke3 Ng4+ 58. Kf4 Kf6 59. Rb6+ Kg7 60. Ke4 Nf6+ 61. Kd4 Ng4 62.
Rd6 Nh6 63. Ke5 Ng4+ 64. Kf4 Nf6 65. Rd3 Ng4 66. Rf3 Kg8 67. Ke4 Kg7 68.
Kd5 Nh6 69. Ke5 Ng4+ 70. Kd6 Nf6 71. Ke7 Ng8+ 72. Kd8 Nf6 1/2-1/2

[Event "HZ Open"]
[Site "Vlissingen NED"]
[Date "2006.08.09"]
[Round "6"]
[White "Serdijn,G"]
[Black "Van Zutphen,J"]
[Result "1/2-1/2"]
[WhiteElo "2098"]
[BlackElo "2194"]
[EventDate "2006.08.05"]

1. b4 d5 2. e3 c6 3. c4 Bf5 4. Nf3 e6 5. Qb3 Nd7 6. d4 Bd6 7. Nc3 Ngf6 8.
Be2 h6 9. O-O O-O 10. b5 Bg4 11. cxd5 cxd5 12. Ba3 Qe7 13. Bxd6 Qxd6 14.
Rfc1 Ne4 15. Qd1 f5 16. Ne1 Bxe2 17. Nxe2 Nb6 18. Nd3 Nc4 19. Nef4 Rf6 20.
Qe2 Raf8 21. Nb2 Nxb2 22. Qxb2 Qe7 23. Nd3 Nd6 24. Qb4 Re8 25. Ne5 Nf7 26.
Qxe7 1/2-1/2

[Event "HZ Open"]
[Site "Vlissingen NED"]
[Date "2006.08.09"]
[Round "6"]
[White "Dek,L"]
[Black "Zilverberg,J"]
[Result "1-0"]
[WhiteElo "2191"]
[BlackElo "2031"]
[EventDate "2006.08.05"]

1. e4 c5 2. Nf3 d6 3. d4 cxd4 4. Nxd4 Nf6 5. Nc3 e6 6. Be2 Be7 7. O-O O-O
8. f4 Nc6 9. Be3 a6 10. a4 Qc7 11. Kh1 Bd7 12. Nb3 b6 13. Bf3 Bc8 14. Qe1
Bb7 15. Qf2 Nd7 16. Qg3 Na5 17. Rad1 Nxb3 18. cxb3 Rfd8 19. Rc1 Qb8 20.
Rfd1 Bf8 21. Qf2 Bc6 22. b4 b5 23. a5 Qb7 24. Nd5 f5 25. Rxc6 exd5 26. exd5
Nf6 27. Qc2 Qf7 28. Qxf5 Re8 29. Bd4 Re7 30. Bxf6 Qxf6 31. Qxf6 gxf6 32.
Rxd6 Rae8 33. Re6 Rxe6 34. dxe6 Bxb4 35. g3 f5 36. g4 Bxa5 37. Rd6 fxg4 38.
Bxg4 Bc7 39. Rd7 1-0

[Event "HZ Open"]
[Site "Vlissingen NED"]
[Date "2006.08.09"]
[Round "6"]
[White "Monje Peinado,R"]
[Black "Sprangers,R"]
[Result "0-1"]
[WhiteElo "2066"]
[BlackElo "2182"]
[EventDate "2006.08.05"]

1. d4 Nf6 2. c4 e6 3. Nc3 Bb4 4. Bd2 O-O 5. a3 Bxc3 6. Bxc3 Ne4 7. Qc2 f5
8. e3 b6 9. O-O-O d5 10. f3 Nxc3 11. Qxc3 Bb7 12. Nh3 Nd7 13. Rg1 Nf6 14.
Nf4 Qe7 15. h3 Rac8 16. c5 bxc5 17. dxc5 Bc6 18. Nd3 Nd7 19. Be2 Rb8 20.
Rd2 Bb5 21. b4 a5 22. Rb2 axb4 23. axb4 c6 24. Kd2 e5 25. Nc1 f4 26. Bxb5
fxe3+ 27. Qxe3 Rxb5 28. Re1 Qf6 29. Nd3 Re8 30. Kc1 e4 31. Ree2 Qc3+ 32.
Rbc2 Qa1+ 33. Kd2 d4 0-1

[Event "HZ Open"]
[Site "Vlissingen NED"]
[Date "2006.08.09"]
[Round "6"]
[White "Swinkels,J"]
[Black "Beeke,B"]
[Result "1/2-1/2"]
[WhiteElo "2034"]
[BlackElo "2166"]
[EventDate "2006.08.05"]

1. e4 c5 2. Nf3 d6 3. d4 cxd4 4. Nxd4 Nf6 5. Nc3 Nc6 6. Bg5 Bd7 7. Qd2 Rc8
8. f4 Nxd4 9. Qxd4 Qa5 10. Bxf6 gxf6 11. Qd2 h5 12. Bd3 Bh6 13. g3 f5 14.
exf5 Bg7 15. Ne4 Qxd2+ 16. Kxd2 Bxb2 17. Rab1 Bd4 18. c3 Bb6 19. Rhe1 Kf8
20. f6 Bc6 21. fxe7+ Kxe7 22. Ng5+ Kf8 23. Bb5 Bd5 24. Rb2 Ba5 25. Re3 f6
26. Bd7 Rxc3 27. Rxc3 fxg5 28. Rb5 Bxc3+ 29. Kxc3 Bxa2 30. Rxb7 gxf4 31.
gxf4 Rh7 32. Rxa7 Be6 33. Ra8+ Ke7 34. Bb5 Rf7 35. Ra7+ Kf6 36. Rxf7+ Bxf7
37. Bd7 Be6 38. Bxe6 Kxe6 39. Kd4 h4 40. Ke4 h3 41. f5+ Kf6 42. Kf4 d5
1/2-1/2

[Event "HZ Open"]
[Site "Vlissingen NED"]
[Date "2006.08.09"]
[Round "6"]
[White "Galle,A"]
[Black "Friesen,B"]
[Result "1/2-1/2"]
[WhiteElo "2001"]
[BlackElo "2146"]
[EventDate "2006.08.05"]

1. d4 Nf6 2. Nf3 g6 3. c4 Bg7 4. Nc3 d5 5. Bg5 Ne4 6. cxd5 Nxg5 7. Nxg5 e6
8. Nf3 exd5 9. e3 O-O 10. b4 Re8 11. Be2 c6 12. O-O Nd7 13. Qc2 Nf6 14. Bd3
Ng4 15. b5 1/2-1/2

[Event "HZ Open"]
[Site "Vlissingen NED"]
[Date "2006.08.09"]
[Round "6"]
[White "Van de Wynkele,E"]
[Black "Jimenez Martin,G"]
[Result "1-0"]
[WhiteElo "1982"]
[BlackElo "2133"]
[EventDate "2006.08.05"]

1. e4 e5 2. Nf3 Nc6 3. Bc4 Nf6 4. Ng5 d5 5. exd5 Nd4 6. c3 b5 7. Bf1 Nxd5
8. Ne4 Qh4 9. Ng3 Bg4 10. f3 e4 11. cxd4 Bd6 12. Bxb5+ Kd8 13. Qb3 Bxg3+
14. Kd1 Be6 15. Bc6 exf3 16. Bxd5 fxg2 17. Qxg3 Qh5+ 18. Kc2 gxh1=Q 19.
Bxh1 Bd5 20. Bxd5 Qxd5 21. Qxg7 Re8 22. Nc3 Qf5+ 23. d3 Rb8 24. Qg5+ Qxg5
25. Bxg5+ Kd7 26. Rf1 Rg8 27. Rxf7+ Ke6 28. Rf6+ Kd7 29. h4 Rgf8 30. Ne4
Rg8 31. Ra6 1-0

[Event "HZ Open"]
[Site "Vlissingen NED"]
[Date "2006.08.09"]
[Round "6"]
[White "Pex,C"]
[Black "Schut,L"]
[Result "1/2-1/2"]
[WhiteElo "2132"]
[BlackElo "1971"]
[EventDate "2006.08.05"]

1. e4 c5 2. Nf3 d6 3. d4 cxd4 4. Nxd4 Nf6 5. Nc3 g6 6. Be3 Bg7 7. f3 Nc6 8.
Qd2 O-O 9. O-O-O d5 10. exd5 Nxd5 11. Nxc6 bxc6 12. Bd4 e5 13. Bc5 Be6 14.
Ne4 Re8 15. h4 Nf4 16. Qe1 Qb8 17. g3 Nd5 18. h5 f5 19. Nd6 Rd8 20. hxg6
Rxd6 21. c4 hxg6 22. Bxd6 Qxd6 23. cxd5 cxd5 24. Kb1 Rb8 25. Rh2 Qa3 26.
Rd3 Qe7 27. Rb3 Rxb3 28. axb3 Qb7 29. Qa5 Bf6 30. Qb5 Qxb5 31. Bxb5 Bd8 32.
Be8 Kg7 33. Rc2 Bb6 34. Rc6 Bf7 35. Bxf7 Kxf7 36. Kc2 e4 37. fxe4 dxe4 38.
Kd2 Kg7 39. g4 fxg4 40. Ke2 Kf7 41. Rc4 g3 42. Kf1 e3 43. Kg2 Ke6 44. Kxg3
Kf5 45. Rf4+ Ke5 46. Kf3 g5 47. Rg4 1/2-1/2

[Event "HZ Open"]
[Site "Vlissingen NED"]
[Date "2006.08.09"]
[Round "6"]
[White "Zomer,K"]
[Black "Fernandez,D SIN"]
[Result "1-0"]
[WhiteElo "2113"]
[BlackElo "1955"]
[EventDate "2006.08.05"]

1. d4 Nf6 2. Nf3 e6 3. Nbd2 c5 4. e3 b6 5. Bd3 Bb7 6. O-O d6 7. c3 Nbd7 8.
Qe2 Be7 9. Re1 O-O 10. e4 cxd4 11. Nxd4 Rc8 12. Bc2 e5 13. Nf5 g6 14. Nxe7+
Qxe7 15. Nf1 d5 16. Bg5 dxe4 17. Ng3 Nc5 18. Nxe4 Ncxe4 19. Bxe4 Bxe4 20.
Qxe4 Nxe4 21. Bxe7 Rfe8 22. Bh4 f5 23. f3 Nc5 24. Rad1 e4 25. fxe4 Rxe4 26.
Rxe4 fxe4 27. Kf1 Nd3 28. Rd2 Kf7 29. Bf2 Ke6 30. Ke2 Kd5 31. Bd4 Rc7 32.
Ke3 b5 33. b3 Re7 34. Rc2 b4 35. cxb4 Nxb4 36. Rc5+ Kd6 37. Rc4 Nd5+ 38.
Kd2 e3+ 39. Ke1 Rf7 40. Ra4 Rc7 41. Ra6+ Nb6 42. Bxe3 Kc6 43. Ra5 Re7 44.
Kf2 Rf7+ 45. Ke2 Re7 46. Kd3 Rd7+ 47. Bd4 Re7 48. Re5 Rf7 49. Re6+ Kb7 50.
Ke4 Kc7 51. a4 Kd7 52. Re5 Nc8 53. Kd5 Ne7+ 54. Kc4 Nc6 55. Rd5+ Kc7 56.
Be3 Ne7 57. Re5 Nc6 58. Re4 a5 59. g3 Rf5 60. h4 h5 61. Bf4+ Kd7 62. Re1
Rf8 63. Rd1+ Kc8 64. Rd6 Ne7 65. Ra6 Rf5 66. Bg5 Kb7 67. Rf6 Rxf6 68. Bxf6
Nf5 69. Kb5 Nxg3 70. Kxa5 Ne4 71. Be7 Nd2 72. b4 Nf3 73. Kb5 Nd4+ 74. Kc5
Nc6 75. Bf6 Nb8 76. Bd4 Na6+ 77. Kc4 Nc7 78. b5 Ne6 79. Be3 Kc7 80. Kd5 Nd8
81. a5 Kd7 82. b6 Kc8 83. a6 Kb8 84. Bg5 1-0

[Event "HZ Open"]
[Site "Vlissingen NED"]
[Date "2006.08.10"]
[Round "7"]
[White "Ikonnikov,Vy"]
[Black "Krasenkow,M"]
[Result "1/2-1/2"]
[WhiteElo "2587"]
[BlackElo "2635"]
[EventDate "2006.08.05"]

1. d4 d5 2. Nf3 c6 3. c4 e6 4. Qc2 dxc4 5. Qxc4 Nf6 6. Bg5 b5 7. Qb3 Bb7 8.
Nc3 Nbd7 9. e3 a6 10. a4 Be7 11. Be2 b4 12. Bxf6 Nxf6 13. O-O c5 14. dxc5
Bxc5 15. Nb1 O-O 16. a5 Ne4 17. Rd1 Bd5 18. Qd3 f5 19. Nbd2 Qf6 20. Qc2
Rfc8 21. Bc4 Nxd2 22. Nxd2 f4 23. Bxd5 exd5 24. Qb3 fxe3 25. fxe3 Qe6 26.
Nf1 Rd8 27. Rd3 Rd6 28. Rc1 Rc8 29. h3 Rcc6 30. Rcd1 Ba7 31. Rxd5 Rc5 32.
Rxc5 Bxc5 33. Qxe6+ Rxe6 34. Kf2 Re5 35. Rd8+ Bf8 36. Nd2 Rxa5 37. Nc4 Rf5+
38. Ke2 Rg5 39. g4 h5 40. Kf3 hxg4+ 41. hxg4 Kf7 42. b3 Be7 43. Ra8 Rc5 44.
Rxa6 Bf6 45. Nd6+ Ke7 46. Ne4 Rb5 47. Rc6 Bb2 48. g5 Rf5+ 49. Kg4 Rf1 50.
Rc4 Re1 51. Rxb4 Rxe3 52. Kf5 Rf3+ 53. Kg6 Re3 54. Rb7+ Ke6 55. Nc5+ Kd5
56. b4 Rg3 57. Rf7 Bf6 58. Rd7+ Kc6 59. Ne4 Rxg5+ 60. Nxg5 Kxd7 1/2-1/2